Music Quiz

Random Music or Album Quiz

New Wave Albums, Expert Level Quiz Stats

 Plays Quiz not verified by Sporcle

Score 0/20 Timer 10:00
0 Plays Today
% Correct
Power, Corruption & Lies
72.2%
Pornography
61.1%
The Man Machine
61.1%
Some Great Reward
58.3%
actually
50%
Dazzle Ships
47.2%
Heaven Or Las Vegas
44.4%
Tin Drum
41.7%
Whammy!
41.7%
Penthouse And Pavement
41.7%
% Correct
Call Of The West
27.8%
The Age Of Plastic
25%
Kaleidoscope
19.4%
Q-Feel
13.9%
Animal Magic
11.1%
Here's To Future Days
11.1%
You Make The Heat
5.6%
The Anvil
5.6%
True Confessions
5.6%
Candy Carol
0%

You're not logged in!

Compare scores with friends on all Sporcle quizzes.
OR
Log In

Sporcle TV

Today on Sporcle TV


Watch our educational content, quiz creation guides, and fun videos on Sporcle TV.

Show Comments

Extras

Top Quizzes Today


Score Distribution

Your Account Isn't Verified!

In order to create a playlist on Sporcle, you need to verify the email address you used during registration. Go to your Sporcle Settings to finish the process.

Report this User

Report this user for behavior that violates our Community Guidelines.

Details: